000 00735nam a2200205Ia 4500
003 GCL
008 140319s9999 xx 000 0 ara d
040 _aGCL /
_cGCL
082 0 4 _a615.852
_bق ط
100 1 _aمحمود فرج العقدة
245 1 0 _aالطب النبوى /
_cمحمود فرج العقدة
700 1 _aعادل الازهرى
700 1 _aابن قيم الجوزية: شمس الدين ابو عبدالله محمد بن ابى بكر
260 _aبيروت :
_bالمكتبة الثقافية ،
_c1990
300 _a334 ص ؛
_c24 سم
490 _aالهيئة العامة للاستعلامات
_v0
650 0 4 _aالطب العربى
650 0 4 _aالطب النبوى
942 _2ddc
_cBK
999 _c47345
_d47345